000 00302nam a2200109Ia 4500
008 171211s9999 xx 000 0 und d
245 _aSAS/Ets 9.1 User's Guide, 4-Volume Set
245 _cSAS Publishing
260 _c2004
650 _xSOFTWARE
856 _uhttp://down.ebook777.com/063/1590472446.pdf
999 _c349326
_d349326